000
00297nam a22001217a 4500
020
_a
0-7131-3595-6
082
_a
005.136 BRA'M
100
_a
BRAMER, B
_9
65354
245
_a
MC 68000 , ASSEMBLY LANGUAGE PROGRAMMING
260
_a
LONDON
_b
EDWARD ARNOLD
_c
1986
300
_a
VIII, 246P
942
_c
BK
999
_c
573593
_d
573593